Nehmotný majetok a jeho prínos k rastu podnikateľského subjektu bakalárska práca

Gespeichert in:
Bibliographische Detailangaben
1. Verfasser: Košútová, Marcela
Körperschaft: Fakulta podnikového manažmentu EU. Katedra podnikovohospodárska
Weitere Verfasser: Matušovič, Martin
Format: Buch
Sprache:Slowakisch
Veröffentlicht: Bratislava 2018
Tags: Tag hinzufügen
Keine Tags, Fügen Sie das erste Tag hinzu!

MARC

LEADER 00000nbm a2200000 4500
001 0244897
005 20181009111827.6
041 0 |a slo 
044 |a SK 
245 1 0 |a Nehmotný majetok a jeho prínos k rastu podnikateľského subjektu  |b bakalárska práca  |c Marcela Košútová ; školiteľ: Martin Matušovič 
264 1 |a Bratislava  |c 2018 
300 |a 56 s. 
100 1 |a Košútová, Marcela 
700 1 |a Matušovič, Martin 
710 2 |a Fakulta podnikového manažmentu EU. Katedra podnikovohospodárska